Nuevas andanzas del ingenioso hidalgo Donquijote de la Mancha (Record no. 62676)

MARC details
000 -LEADER
campo de control de longitud fija 00761nam a2200217 i 4500
001 - NÚMERO DE CONTROL
campo de control 62676
003 - IDENTIFICADOR DE NÚMERO DE CONTROL
campo de control ES-MaACL
005 - FECHA Y HORA DE LA ÚLTIMA TRANSACCIÓN
campo de control 20230906164718.0
007 - CAMPO FIJO DE DESCRIPCIÓN FÍSICA--INFORMACIÓN GENERAL
campo de control de longitud fija t|
008 - DATOS DE LONGITUD FIJA--INFORMACIÓN GENERAL
campo de control de longitud fija 031124s1961 sp ||||1| spa d
080 ## - NÚMERO DE LA CLASIFICACIÓN DECIMAL UNIVERSAL
Número de la Clasificación Decimal Universal 821.134.2-31"15"
100 1# - ENTRADA PRINCIPAL--NOMBRE DE PERSONA
Nombre de persona Fernández de Avellaneda, Alonso.
9 (RLIN) 149505
245 10 - MENCIÓN DEL TÍTULO
Título Nuevas andanzas del ingenioso hidalgo Donquijote de la Mancha
Resto del título : (El "Quijote" apócrifo) /
Mención de responsabilidad, etc. Alonso Fernández de Avellaneda ; edición revisada y anotada por Mercedes M. Villalta.
260 ## - PUBLICACIÓN, DISTRIBUCIÓN, ETC.
Lugar de publicación, distribución, etc. [Barcelona] :
Nombre del editor, distribuidor, etc. Iberia,
Fecha de publicación, distribución, etc. 1961 (
Fabricante Diamante)
300 ## - DESCRIPCIÓN FÍSICA
Extensión 334 p. ;
Dimensiones 18 cm.
490 1# - MENCIÓN DE SERIE
Mención de serie Obras maestras
700 1# - ENTRADA AGREGADA--NOMBRE PERSONAL
Nombre de persona Villalta, Mercedes M.
9 (RLIN) 114987
830 0# - PUNTO DE ACCESO ADICIONAL DE SERIE-TÍTULO UNIFORME
Título uniforme Obras maestras
9 (RLIN) 181001
852 ## - LOCALIZACIÓN
Ubicación ES-MaACL
Número de control de estantería C-20171
Sublocalización o colección R.48774
Holdings
Estatus retirado Estado de pérdida Estado de daño No para préstamo Biblioteca de origen Biblioteca actual Ubicación en estantería Fecha de adquisición Fuente de adquisición Total de préstamos Signatura topográfica completa Código de barras Visto por última vez Precio de reemplazo Tipo de ítem Koha
        Biblioteca del Ateneo de Madrid Biblioteca del Ateneo de Madrid Galería 17/01/2008     C-20171 1065707 23/02/2023 23/02/2023 Libro impreso